00905nam a22002897a 450000500170000000800410001701000100005801100100006803500100007808200170008810000250010524500200013026000340015030000170018450000120020159000410021359000410025459000420029565000230033765000290036070000310038970000260042090100070044694900730045394900720052699900170059820220329141253.0971010s1988 r 00010 d a65484 a66456 a74589 a632.952bS5400aSinha, A. P.9106655 aSoil fungicides aBoca Raton, Fla :bCRC,c1988 a2 v.b: ilus a1992/30 aBATCH-UPDb10c20130110lUCH01h0349 aBATCH-UPDb10c20130110lUCH01h2041 aCONVERSIONb10c20130109lUCH01h133614aFungicidas.94404414aHongos en suelos.9561300 aMukhopadhyay, A. N.9794090 aSingh Kishon.9106598 aBK a632.952 S54bPAcLIBROd-66253eLIBROfv.2gI.155433h1819i74589si a632.952 S54bPAcLIBROd-7462eLIBROfv.1gI.155432h1818i74589si c65484d65484